000 01125nam a2200289 i 4500
003 EG-GICUC
005 20260226141701.0
008 251217s1988 ||||fr|||| 00| 0 ara d
040 _a EG-GICUC
_bara
_c EG-GICUC
_d EG-GICUC
_erda
041 0 _aara
082 0 4 _221
_a343.432
_bع م . م
092 0 4 _221
099 _aLaw1 10 343.432 ع م . م 1988
100 0 _aعمر عبد النبي
_eمؤلف.
245 1 2 _aالمواصفات القياسية للسلامة في السيارة والطريق /
_cالأستاذ عمر عبد النبي.
264 1 _aالرياض :
_bدار النشر بالمركز العربي للدراسات الأمنية والتدريب بالرياض،
_c1988.
300 _a137 صفحة ؛
_c24 سم.
336 _2rda content
_atext
337 _2rda media
_aComputer
338 _2rda carrier
_aOnline Resource
546 _aالنص باللغة العربية
650 1 4 _aالتشريع الخاص بالمرور
650 1 4 _aالقانون الجنائي
856 4 0 _uhttps://fll.law.cu.edu.eg/fulltext/bks/B10-06310.pdf
905 _a77
942 _2ddc
_cBK
_e21
_n0
999 _c51415
_d51415